000 03330nam0a2200433 4500
001 RU\NLR\BIBL_A\012893382
005 20231026160510.0
010 _a978-5-85383-893-2
_bУральский рабочий
_9300
021 _aRU
_bКН-П-22-049760
_9КН-П-22-4318
035 _a(NLR Aleph) 012893382
035 _a(RuMoRGB)011159090
090 _a12558099
_c12558099
100 _a20220922d2022 k y0rusy50 ca
101 0 _arus
102 _aRU
105 _aac z 110zy
181 0 _ai3
_baxxe
182 0 _an
200 1 _aПод скипетром Романовых
_eк 300-летию провозглашения России Империей
_eматериалы научно-практической конференции, [г. Калининград, 4 июня 2021 г., г. Пермь, 14-15 июня 2021 г., г. Казань, 22 июля 2021 г.
_eсборник]
_fФонд содействия возрождению традиций милосердия и благотворительности "Елисаветинско-Сергиевское просветительское общество" [и др.]
_gпод редакцией А. В. Громовой, С. В. Неганова
203 _aТекст
_bвизуальный
_cнепосредственный
210 _aКалининград [и др.]
_cУральский рабочий
_d2022
215 _a719 с.
_cил., портр.
_d21
320 _aБиблиогр. в конце ст.
327 1 _aВ сб. также: Третьи Пермские научно-образовательные чтения "История Императорского Дома Романовых", круглый стол "Дом Романовых: пространство памяти"
602 _aРомановы (династия)
_f1613 - 1917
_jСъезды, совещания и т.п
_2nlr_sh1
_2nlr_sh2
_3RU\NLR\AUTH\66963051
607 _aРоссия
_xИстория
_z18 - нач. 20 вв.
_jСъезды, совещания и т.п
_2nlr_sh2
_3RU\NLR\AUTH\661406153
675 _a94(47+57)(082)
_v4
686 1 _aТ3(2)я431
686 1 _aТ214(2)0-1я431
702 1 _aГромова
_bА. В.
_gАнна Витальевна
_4340
711 1 2 _a"Под скипетром Романовых. К 300-летию провозглашения России Империей", международная научно-практическая конференция
_f2021
_eКалининград и др.
_3RU\NLR\AUTH\880572929
711 1 2 _a"История Императорского Дома Романовых", пермские научно-образовательные чтения
_d3
_f2021
_3RU\NLR\AUTH\880572931
711 1 2 _a"Дом Романовых: пространство памяти", круглый стол
_f2021
_eПермь
_3RU\NLR\AUTH\880572935
712 0 2 _aЕлисаветинско-Сергиевское просветительское общество
_cМосква
_3RU\NLR\AUTH\880429084
_4557
942 _cBOOK
980 _aNB